000 00533nam a22001817a 4500
999 _c177696
_d177696
005 20210225161659.0
010 _aENG-129070
020 _c599.00
_a978-1-4746-1121-3
035 _aEN-112602
037 _bDBAD/PUB
082 _aN
100 _aMusso, Guillaume
245 _aThe Reunion/
_bGuillaume Musso
260 _aGurugram
_bHachette Book Publishing India Pvt. Ltd.
_c2019
270 _bGurugram
_a4th/5th Floors, Corporate Centre, Plot No- 94, Sec- 44
_e122003
300 _a308p.
_c23cm(pbk)
942 _2ddc
_cEN
_hN
_mMUS